000 00413nam a2200157Ia 4500
003 OSt
005 20230526152555.0
008 211028s2016 xx 000 0 und d
040 _cAIMIT LIBRARY
041 _aeng
100 _aD'souza, Clara; D'Souza, Mithun.
_98622
_e141904
110 _aMithun D'Souza
_98623
245 _aFinancial asset management system.
260 _aMangalore
_c2016
942 _2ddc
_cPRO
999 _c219980
_d219980